Men's Tennis Players by Picture #1 - Statistics

General Stats
  • This quiz has been taken 134 times
  • The average score is 12 of 16
Answer Stats
Picture Answer % Correct
Novak Djoković
100%
Roger Federer
99%
Rafael Nadal
98%
Andre Agassi
90%
Stan Wawrinka
80%
Stefanos Tsitsipas
78%
Björn Borg
75%
Andrey Rublev
73%
Boris Becker
71%
Dominic Thiem
69%
Juan Martín del Potro
65%
Jo-Wilfried Tsonga
58%
David Ferrer
57%
Lleyton Hewitt
55%
Marat Safin
50%
Goran Ivanišević
46%
No matching quizzes found
Score Distribution
Percent of People with Each Score
Percentile by Number Answered
Your Score History
You have not taken this quiz